000 00354nam a2200145Ia 4500
008 230312s9999||||xx |||||||||||||| ||und||
020 _a969-8251-11-5
082 _a954.914
_bALI-W
100 _aAli;Aamir
245 0 _aWalled city of lahore
260 _bLahore
_apakistan
_c1993
300 _a301
650 _aArchitecture
_vArchitecture
942 _cBK
999 _c12743
_d12743